| 000 | 00474cam a2200193ua 4500 | ||
|---|---|---|---|
| 001 | 3689 | ||
| 005 | 20260515113721.0 | ||
| 008 | 111129n ii |||gr||||Z||||||asm | ||
| 040 | _cMAIN | ||
| 082 | _a891.4518 | ||
| 100 | _aGoswami, Rohini Ballav Sastri, | ||
| 245 | 1 | 1 |
_aSu bhasitam _cby Rohini ballav Goswami Sastri |
| 250 | _a2nd. | ||
| 260 |
_aGuwahati: _bAbhrushi Prakash, _c2000. |
||
| 300 | _a60p:0cm. | ||
| 653 | _aAssamese | ||
| 653 | _aSu bhasitam | ||
| 942 | _cBK | ||
| 999 |
_c3516 _d3516 |
||